| 000 | 01595nam a2200445 a 4500 | ||
|---|---|---|---|
| 008 | 171215s2015 ag f |||| 001 0 spa d | ||
| 020 | _a9789871639434 | ||
| 041 | _aspa | ||
| 092 |
_c616.33 _l54 _sMUT |
||
| 100 | 1 |
_aMutchinick, Mercedes _93452 |
|
| 245 |
_aSíntomas abdominales crónicos / _cMercedes Mutchinick |
||
| 250 | _a1a ed. | ||
| 260 |
_aBuenos Aires: _bdelhospital ediciones; _c2015. |
||
| 300 |
_a172 p. _c22x15cm |
||
| 500 | _aMutchinick, M. y Rubistein, E. (Col.). (2015). Síntomas abdominales crónicos. (1a ed.). Buenos Aires : delhospital ediciones. | ||
| 590 | _aDonación del hospital italiano. | ||
| 653 | _aDispepsia no ulcerosa | ||
| 653 | _aColon irritable | ||
| 653 | _aReflujo gastroesofágico | ||
| 653 | _aLitiasis biliar | ||
| 653 | _aUlcera gastroduodenal | ||
| 653 | _aEvaluación y manjo del reflujo gastroesofágico | ||
| 653 | _aEvaluación y manejo del colon irritable | ||
| 653 | _aEvaluación y manejo de la úlcera gastroduodenal | ||
| 653 | _aEvaluación y manejo de la dispepsia no ulcerosa | ||
| 653 | _aLitiasis biliar complicada | ||
| 653 | _aColecistitis aguda | ||
| 653 | _aLitiasis coledociana | ||
| 653 | _aPancreatitis aguda | ||
| 653 | _aUlcera gastroduodenal complicada | ||
| 653 | _aHemorragia digestiva alta | ||
| 653 | _aPerforación gastrointestinal | ||
| 653 | _aEsófago de Barrett | ||
| 653 | _aEnfermedad celíaca | ||
| 653 | _aConstipación | ||
| 653 | _aTratamientos complementarios | ||
| 700 | 1 |
_aRubistein, Esteban _93453 |
|
| 942 |
_2ddc _cBK |
||
| 999 |
_c2605 _d2605 |
||